Loading...
| Literature - World | 0 | 9 | 0 | 0 | 90 | 30 | 66.67 | 3 | 7 | 38.85 | 61.97 |
| Mythology | 0 | 9 | 0 | 0 | 90 | 20 | 55.56 | 4 | 7 | 42.81 | 64.77 |
| Literature - American | 0 | 7 | 0 | 1 | 70 | 64 | 77.71 | 3 | 7 | 26.36 | 51.36 |
| Literature - British | 0 | 7 | 0 | 0 | 70 | 17 | 43.71 | 7 | 7 | 40.38 | 58.33 |
| Literature - European | 0 | 7 | 2 | 0 | 60 | 41 | 71.57 | 2 | 7 | 28.74 | 51.89 |
| Fine Arts - Other | 0 | 4 | 1 | 0 | 35 | 67 | 82.00 | 2 | 4 | 12.14 | 29.32 |
| Fine Arts - Classical Music | 0 | 3 | 0 | 0 | 30 | 97 | 102.67 | 0 | 2 | 5.12 | 19.32 |
| Philosophy | 0 | 2 | 0 | 1 | 20 | 71 | 90.50 | 1 | 2 | 4.18 | 15.91 |
| Popular Culture | 0 | 1 | 0 | 0 | 10 | 57 | 57.00 | 0 | 1 | 20.41 | 27.27 |
| Social Science | 0 | 1 | 0 | 0 | 10 | 72 | 72.00 | 0 | 1 | 3.37 | 7.50 |
| Science - Chemistry | 0 | 1 | 0 | 1 | 10 | 117 | 117.00 | 0 | 0 | 0.00 | 0.83 |
| Science - Physics | 0 | 1 | 0 | 0 | 10 | 115 | 115.00 | 0 | 0 | 0.07 | 3.79 |
| Science - Other | 0 | 1 | 1 | 0 | 5 | 104 | 104.00 | 0 | 1 | 2.10 | 5.83 |
| Religion | 0 | 1 | 1 | 0 | 5 | 55 | 55.00 | 0 | 0 | 4.35 | 5.30 |
| Fine Arts - Painting and Sculpture | 0 | 1 | 1 | 0 | 5 | 56 | 56.00 | 1 | 1 | 4.41 | 8.33 |